| 000 | 00683cam a22002291 4500 | ||
|---|---|---|---|
| 001 | sa 64005535 | ||
| 003 | DLC | ||
| 005 | 20260227112033.0 | ||
| 008 | 890719s1962 ii c 000 0 sano | ||
| 010 | _asa 64005535 | ||
| 035 | _a(OCoLC)20037019 | ||
| 040 |
_aDLC _cWaU _dDLC |
||
| 041 | 0 | _asantel | |
| 042 | _apremarc | ||
| 050 | 0 | 0 |
_aPL4780.9.V38 _bV4 |
| 100 | 0 | _aVēmana. | |
| 245 | 1 | 0 |
_aVēmanapadya. _bVemanapadyamulu in Sanskrit slokas. _cBy S. N. Srirama Desikan. With a foreword by M. Ananthasayanam Ayyangar. |
| 260 |
_a[Madras?] _c1962. |
||
| 300 |
_aii, 6, 40, 59 p. _bports. _c19 cm. |
||
| 500 | _aIncludes original Telugu text. | ||
| 700 | 2 | _aSrirama Desikan, S. N. | |
| 999 |
_c59165 _d59165 |
||